| 000 | 00472nam a2200169Ia 4500 | ||
|---|---|---|---|
| 008 | 240729s9999 xx 000 0 und d | ||
| 022 | _a1899-4849 | ||
| 245 | 0 | _aPhysical Culture and Sport: Studies and Research | |
| 260 | _aPoland | ||
| 260 | _bSciendo | ||
| 650 | _a Recreation. Leisure | ||
| 650 | _a Sports | ||
| 650 | _aGeography. Anthropology. Recreation | ||
| 856 | _uhttps://doaj.org/toc/fbd41456ffdd41a79aac315cd1667f17 | ||
| 942 | _2ddc | ||
| 942 | _cDOAJEJ | ||
| 999 |
_c67547 _d67547 |
||
| 945 |
_a1 _bMadushi Gamage _c1 _dMadushi Gamage |
||